Reflections on the access of Roma to health care

Bibliographic Details
Main Author: Ivanov, Ivan (Author)
Format: Article
Language:English
Subjects:
Source: 1. Roma Rights 1. 1417-1503 1. Č. 3-4 (2004), s. 38-41
LEADER 00742nab#a2200289#ar4500
001 000054075
003 SVKKK
005 20050914100755.0
008 050913c2004 xo e eng
FMT
038 |a SVKKK 
040 |a SVKKK  |b slo  |e AACR2 
041 0 |a eng 
044 |a xo  |c SK 
080 |a 351.77  |2 1997 
100 1 |a Ivanov, Ivan  |4 aut 
242 1 0 |a Úvahy o prístupe Rómov k zdravotnej starostlivosti 
245 1 0 |a Reflections on the access of Roma to health care  |c Ivan Ivanov 
650 0 4 |a etnikum rómske  |x zdravotná starostlivosť 
651 4 |a Európa 
773 0 |t Roma Rights  |x 1417-1503  |g Č. 3-4 (2004), s. 38-41 
958 |a RQ 
974 |a Fav 
992 |a RBX 
BAS
852 |a SVKKK  |b BIB 
998 |a ROM